| 000 | 00674nam a22001937a 4500 | ||
|---|---|---|---|
| 005 | 20251108172732.0 | ||
| 008 | 250721s1991 xx 000 0 ara d | ||
| 082 | 1 | 4 | _a330.122/بير |
| 100 | 1 |
_aبيرجر، بيتر إل _eمؤلف |
|
| 245 | 1 | 0 | _aالثورة الرأسمالية : خمسون مقترحاً في الإزدهار و المساواة و الحرية / |
| 264 | 1 |
_aعمان : _bمركز الكتب الأردني، _c1991. |
|
| 300 | _a249ص | ||
| 650 | 1 | 7 | _aالرأسمالية |
| 650 | 1 | 7 | _aإقتصاد السوق |
| 650 | 1 | 7 | _aأنماط الإنتاج |
| 700 | 1 |
_aالعناني، أحمد _eمترجم |
|
| 942 |
_2ddc _cBK |
||
| 999 |
_c87190 _d87190 |
||